• 首页
  • 本馆介绍
  • 公告通知
  • 最新文献
  • 馆藏检索
  • 电子资源
  • 读者导购
  • 参考咨询
  • 我的图书馆
  • 登录
  • 详细信息显示
  • 放入我的书架
  • 预约/预借图书
  • 作者相关作品
  • 分类相关作品
  • 丛书相关作品
  • 出版社相关作品

书目信息

  • 表格格式
  • 工作单格式
  • 卡片格式
题名:
理解鲍曼
    
 
作者: 郑莉 著
分册:  
出版信息: 北京   中国人民大学出版社  2010
页数: 247页
开本: 23cm
丛书名: 当代学术思想文库
单 册:
中图分类: B561.6
科图分类:
主题词: 现代主义--研究--英国--现代 , 后现代主义--研究--英国--现代 , 现代主义 , 后现代主义
电子资源:
ISBN: 978-7-300-07420-7
000 01110oam2 2200313 45
001 1029500077
005 20100428085814.34
010    @a978-7-300-07420-7@dCNY22.80
100    @a20100422d2010 em y0chiy0110 ea
101 0  @achi
102    @aCN@b110000
105    @ay z 000yy
106    @ar
200 1  @a理解鲍曼@ALi Jie Bao Man@dUnderstand Zygmunt Bauman@f郑莉著@FZheng Li Zhu@zeng
210    @a北京@c中国人民大学出版社@d2010
215    @a247页@d23cm
225 2  @a当代学术思想文库
300    @a国家社会科学基金2004-2007年资助项目 中国博士后科学基金资助项目 黑龙江省教育厅人文社会科学研究资助项目
330    @a本书是汉语文献中迄今为止对鲍曼有关“现代性与后现代性”问题方面的理论作的一份相对来说最全面、相近和系统的整理和评论。
461  0 @12001 @a当代学术思想文库
510 1  @aUnderstand Zygmunt Bauman@zeng
606 0  @a现代主义@x研究@y英国@z现代
606 0  @a后现代主义@x研究@y英国@z现代
606 0  @a现代主义
606 0  @a后现代主义
690    @aB561.6@v4
701  0 @a郑莉@AZheng Li@c(女,@f1973.3~)@4著
801  0 @aCN@bTANGWEI@c20100428
905    @b0596393-97@dB561.6@e41@f5
    
    理解鲍曼=Understand Zygmunt Bauman/郑莉著.-北京:中国人民大学出版社,2010
    247页;23cm.-(当代学术思想文库)
    国家社会科学基金2004-2007年资助项目 中国博士后科学基金资助项目 黑龙江省教育厅人文社会科学研究资助项目
    
    ISBN 978-7-300-07420-7:CNY22.80
    本书是汉语文献中迄今为止对鲍曼有关“现代性与后现代性”问题方面的理论作的一份相对来说最全面、相近和系统的整理和评论。
●
相关链接 在E读中查询图书 在五车中查询图书 在当当中查询图书 在豆瓣中查询图书


正题名:理解鲍曼     索取号:B561.6/41         预约/预借

序号 登录号 条形码 馆藏地/架位号 状态 备注
1 0596393   205963938   第一样本阅览室/ [索取号:B561.6/41] 在馆    
2 0596394   205963947   第一借阅区/ [索取号:B561.6/41] 在馆    
3 0596395   205963956   第一借阅区/ [索取号:B561.6/41] 在馆    
4 0596396   205963965   第一借阅区/ [索取号:B561.6/41] 在馆    
5 0596397   205963974   第一借阅区/ [索取号:B561.6/41] 在馆    
唐山师范学院图书馆 欢迎您!
大连网信软件有限公司© 版权所有